| 000 | 01174nam a2200361 i 4500 | ||
|---|---|---|---|
| 999 |
_c200452873 _d71085 |
||
| 001 | 200452873 | ||
| 003 | TR-AnTOB | ||
| 005 | 20250716103638.0 | ||
| 007 | ta | ||
| 008 | 230408s2021 tu ao 000 0dtur d | ||
| 020 | _a9786050669824 (v.1) | ||
| 020 | _a9786050669831 (v.2) | ||
| 020 | _a9786050669848 (v.3) | ||
| 040 |
_aIU _beng _erda _cIU _dTR-AnTOB |
||
| 041 | 0 | _atur | |
| 050 | 1 | 4 |
_aHC491.5.A2 _bP45 2021 |
| 090 |
_aHC491.5.A2 _bP45 2021 |
||
| 100 |
_aPektaş, İlhami _9117382 _eauthor |
||
| 245 | 1 | 0 |
_aYerli ve milli üretime adanmış ömürler / _cDr. İlhami Pektaş. |
| 250 | _a1. Baskı Kasım 2021 | ||
| 264 | 1 |
_aAnkara : _bArus Yayınları, _c2021-2023 |
|
| 300 |
_avolumes : _billustrations, photographs ; _c22 cm |
||
| 336 |
_atext _btxt _2rdacontent |
||
| 337 |
_aunmediated _bn _2rdamedia |
||
| 338 |
_avolume _bnc _2rdacarrier |
||
| 490 | 0 |
_aArus Yayınları ; _vv.1 _vv.2 _vv.3 |
|
| 500 | _a1. Kitap, Kasım 2021. 2. Kitap, Ekim 2022. 3. Kitap, Ekim 2023. | ||
| 504 | _aBIB | ||
| 650 | 7 |
_aİş adamları _zTürkiye _vBiyografi _987683 |
|
| 650 | 0 |
_aGirişimcilik _zTürkiye _vBiyografi _926523 |
|
| 942 |
_2lcc _cBK |
||